000 00935nam a2200253 a 4500
001 000025543
005 20200930023850.0
008 110217s1997 ck r 000 0 spa d
020 _a9589613713
040 _aDO-SdBNP
_bspa
_cBNPHU
041 1 7 _aspa
_heng
_2Código de idiomas MARC
082 _ann*
_bnn*
100 1 _aSiskind, Barry.
_952203
240 1 0 _aPolitical economy.
_lEspañol
245 1 0 _aExposiciones y ferias :
_bcómo planear estratégicamente y con éxito su participación /
_cBarry Siskind ; dibujos Andrew Benyei ; traducción de Jesús Villamizar Herrera.
260 _aBogotá :
_b3r,
_c1997.
300 _a196 p. :
_bil. ;
_c24 cm.
504 _aTemas gerenciales
500 _a"Técnicas de ferias y exposiciones para principiantes y profesionales".
700 1 _aBenyei, Andrew,
_eill.
_952204
700 1 _aVillamizar Herrera, Jesús,
_etr.
_947622
830 0 _aTemas gerenciales
_927565
049 _aBNGR
999 _c25035
_d25035